| 000 | 00830cab a2200289 4500 | ||
|---|---|---|---|
| 001 | ABS44974 | ||
| 008 | 090401t1991 xxu||||| |||| 00| 0 eng d | ||
| 035 | _a(Sirsi) u50132 | ||
| 041 | _aeng | ||
| 100 | _aThomas, G. | ||
| 245 | _aWind farming | ||
| 260 | _c1991 | ||
| 350 | _a0 | ||
| 490 |
_aHousing and Planning Review _v46(4) August/September 1991, 6 |
||
| 520 | _aReiterates the wind power v landscape protection argument, underlining planners difficulties, which are not helped by lack of government guidelines. | ||
| 650 | _aALTERNATIVE ENERGY SOURCES | ||
| 650 | _aANGLESEY | ||
| 650 | _aAONB | ||
| 650 | _aCOUNCIL FOR NATIONAL PARKS | ||
| 650 |
_aENERGY _96237 |
||
| 650 | _aORKNEY | ||
| 650 | _aPLANNING | ||
| 690 |
_aEnvironment _96238 |
||
| 700 | _aDavies, M | ||
| 942 | _n0 | ||
| 948 | _c04/03/1997 | ||
| 999 |
_c31314 _d31314 |
||